MDD compliance using quality management techniques / (Record no. 60457)

000 -LEADER
fixed length control field 01934cam a22003494a 4500
001 - CONTROL NUMBER
control field 11803500
003 - CONTROL NUMBER IDENTIFIER
control field NUST-PNEC
005 - DATE AND TIME OF LATEST TRANSACTION
control field 20170116180658.0
008 - FIXED-LENGTH DATA ELEMENTS--GENERAL INFORMATION
fixed length control field 991006s2000 enka 001 0 eng
010 ## - LIBRARY OF CONGRESS CONTROL NUMBER
LC control number 99051579
020 ## - INTERNATIONAL STANDARD BOOK NUMBER
International Standard Book Number 0750644419
040 ## - CATALOGING SOURCE
Original cataloging agency DLC
Transcribing agency PNEC
Modifying agency DLC
042 ## - AUTHENTICATION CODE
Authentication code pcc
043 ## - GEOGRAPHIC AREA CODE
Geographic area code e------
050 00 - LIBRARY OF CONGRESS CALL NUMBER
Classification number R856.6
Item number .T74 2000
082 00 - DEWEY DECIMAL CLASSIFICATION NUMBER
Classification number 681.761 TRI
100 1# - MAIN ENTRY--PERSONAL NAME
Personal name Tricker, Ray.
245 10 - TITLE STATEMENT
Title MDD compliance using quality management techniques /
Statement of responsibility, etc. Ray Tricker.
260 ## - PUBLICATION, DISTRIBUTION, ETC.
Place of publication, distribution, etc. Oxford ;
-- Boston :
Name of publisher, distributor, etc. Butterworth Heinemann,
Date of publication, distribution, etc. 2000.
300 ## - PHYSICAL DESCRIPTION
Extent xviii, 590 p. :
Other physical details ill. ;
Dimensions 24 cm. +
Accompanying material 1 computer optical laser disc (4 3/4 in.)
500 ## - GENERAL NOTE
General note Includes index. http://www.amazon.com/Compliance-Using-Quality-Management-Techniques/dp/0750644419/ref=sr_1_1?s=books&ie=UTF8&qid=1409990673&sr=1-1&keywords=0750644419
538 ## - SYSTEM DETAILS NOTE
System details note System requirements: Windows 95, 98, or NT 4.); Pentium 60 or better; 4x CD-Rom drive or better; 16 MB RAM or better; Power Macintosh, 6100/60 Power PC or better.
650 #0 - SUBJECT ADDED ENTRY--TOPICAL TERM
Topical term or geographic name entry element Medical instruments and apparatus
General subdivision Safety regulations
Geographic subdivision European Union Countries.
650 #0 - SUBJECT ADDED ENTRY--TOPICAL TERM
Topical term or geographic name entry element Medical instruments and apparatus industry
General subdivision Production standards
Geographic subdivision European Union Countries.
650 #0 - SUBJECT ADDED ENTRY--TOPICAL TERM
Topical term or geographic name entry element Medical instruments and apparatus
Geographic subdivision European Union Countries
General subdivision Design and construction
-- IME
650 #0 - SUBJECT ADDED ENTRY--TOPICAL TERM
Topical term or geographic name entry element Medical instruments and apparatus
General subdivision Standards
Geographic subdivision European Union Countries.
856 41 - ELECTRONIC LOCATION AND ACCESS
Materials specified Table of contents
Uniform Resource Identifier <a href="http://www.loc.gov/catdir/toc/els033/99051579.html">http://www.loc.gov/catdir/toc/els033/99051579.html</a>
856 42 - ELECTRONIC LOCATION AND ACCESS
Materials specified Publisher description
Uniform Resource Identifier <a href="http://www.loc.gov/catdir/description/els033/99051579.html">http://www.loc.gov/catdir/description/els033/99051579.html</a>
906 ## - LOCAL DATA ELEMENT F, LDF (RLIN)
a 7
b cbc
c orignew
d 1
e ocip
f 19
g y-gencatlg
942 ## - ADDED ENTRY ELEMENTS (KOHA)
Source of classification or shelving scheme
Koha item type Book
Holdings
Withdrawn status Lost status Source of classification or shelving scheme Damaged status Not for loan Permanent Location Current Location Date acquired Source of acquisition Cost, normal purchase price Total Checkouts Full call number Barcode Date last seen Cost, replacement price Price effective from Koha item type
          Pakistan Navy Engineering College (PNEC) Pakistan Navy Engineering College (PNEC) 07/14/2005 Standard Books 9525.00   681.761 TRI PNECLIB-027485 09/06/2014 9525.00 07/14/2005 Book
© 2023 Central Library, National University of Sciences and Technology. All Rights Reserved.